[Event "Wch Juvenil 2013 sub-14"]
[Site "Al-Ain UAE"]
[Date "2013.12.24"]
[Round "7.29"]
[White "Fedotov, Nikita"]
[Black "Le, Minh Hoang"]
[Result "1-0"]
[WhiteElo "2045"]
[BlackElo "1927"]
[PlyCount "57"]
[EventDate "2013.12.19"]
[EventType "swiss"]
[EventRounds "11"]
[EventCountry "UAE"]
[Source "lmi"]
[SourceDate "2013.12.19"]

1. d4 d5 2. c4 c6 3. Nc3 Nf6 4. cxd5 cxd5 5. Bf4 Nc6 6. e3 e6 7. Bd3 Be7 8. h3
a6 9. Rc1 Bd6 10. Nge2 O-O 11. O-O Ne7 12. a3 Bxf4 13. Nxf4 Ng6 14. Nxg6 hxg6
15. f4 Nd7 16. Qf3 f5 17. g4 Nf6 18. g5 Ne8 19. Rc2 b5 20. h4 Kf7 21. h5 gxh5
22. Qxh5+ g6 23. Qh7+ Ng7 24. Rh2 e5 25. Rh6 Qd6 26. fxe5 Qc6 27. Bxf5 Bxf5 28.
Rxf5+ Ke8 29. Qxg7 1-0

[Event "Wch Juvenil 2013 sub-14"]
[Site "Al-Ain UAE"]
[Date "2013.12.24"]
[Round "7.30"]
[White "Ahn, Hongjin"]
[Black "Kololli, Martin"]
[Result "1/2-1/2"]
[WhiteElo "1907"]
[BlackElo "2045"]
[PlyCount "74"]
[EventDate "2013.12.19"]
[EventType "swiss"]
[EventRounds "11"]
[EventCountry "UAE"]
[Source "lmi"]
[SourceDate "2013.12.19"]

1. Nf3 f5 2. g3 Nf6 3. Bg2 g6 4. O-O Bg7 5. d4 O-O 6. c4 d6 7. Nc3 Qe8 8. d5 a5
9. Be3 Na6 10. Rb1 Ng4 11. Bd4 Ne5 12. Bxe5 dxe5 13. a3 e4 14. Nd4 e5 15. dxe6
Bxe6 16. Nxe6 Qxe6 17. Qd5 Qxd5 18. Nxd5 c6 19. Nf4 Be5 20. b4 axb4 21. axb4
Bxf4 22. gxf4 b5 23. Rfc1 bxc4 24. Rxc4 Rab8 25. e3 Rb6 26. f3 exf3 27. Bxf3
Rfb8 28. Rxc6 Rxc6 29. Bxc6 Rxb4 30. Rxb4 Nxb4 31. Bb7 Kg7 32. Kg2 Nd3 33. Kf3
Nc5 34. Bc6 Ne6 35. Bd5 Kf6 36. h4 Nc7 37. Bc4 Ne6 1/2-1/2

[Event "Wch Juvenil 2013 sub-14"]
[Site "Al-Ain UAE"]
[Date "2013.12.24"]
[Round "7.31"]
[White "Mousseri, Daniel"]
[Black "Mamyrbay, Assad"]
[Result "0-1"]
[WhiteElo "2043"]
[BlackElo "1904"]
[PlyCount "92"]
[EventDate "2013.12.19"]
[EventType "swiss"]
[EventRounds "11"]
[EventCountry "UAE"]
[Source "lmi"]
[SourceDate "2013.12.19"]

1. e4 c5 2. Nf3 d6 3. d4 cxd4 4. Nxd4 Nf6 5. Nc3 a6 6. Bc4 e6 7. O-O Be7 8. Bb3
O-O 9. f4 b5 10. e5 dxe5 11. fxe5 Nfd7 12. Be3 Bb7 13. Qh5 Bc5 14. Rxf7 Bxd4
15. Bxd4 Rxf7 16. Bxe6 Qe8 17. Bb3 Nc6 18. Ne4 Nxd4 19. Nd6 Nxb3 20. Nxe8 Rxe8
21. axb3 Rxe5 22. Qg4 Re4 23. Qh5 Ref4 24. Qe2 Re4 25. Qd3 Rg4 26. g3 Ne5 27.
Qd8+ Rf8 28. Qe7 Nf3+ 29. Kg2 Bd5 30. c4 bxc4 31. Ra5 Re4 32. Qxf8+ Kxf8 33.
Rxd5 Ne5 34. bxc4 Nxc4 35. Rd8+ Ke7 36. Ra8 Re6 37. b3 Ne3+ 38. Kf3 Nd5 39.
Ra7+ Kf6 40. Rd7 Ne7 41. g4 Rb6 42. Rd3 Nc6 43. Kg3 Ne5 44. Rc3 Ke6 45. Kh4 Rc6
46. Re3 Kd5 0-1

[Event "Wch Juvenil 2013 sub-14"]
[Site "Al-Ain UAE"]
[Date "2013.12.24"]
[Round "7.32"]
[White "Markocic, Tine"]
[Black "Loh, Zachary"]
[Result "1/2-1/2"]
[WhiteElo "1853"]
[BlackElo "2036"]
[PlyCount "40"]
[EventDate "2013.12.19"]
[EventType "swiss"]
[EventRounds "11"]
[EventCountry "UAE"]
[Source "lmi"]
[SourceDate "2013.12.19"]

1. e4 c6 2. d4 d5 3. exd5 cxd5 4. Bd3 Nc6 5. c3 g6 6. Nf3 Nh6 7. O-O Bf5 8. Re1
Bxd3 9. Qxd3 Nf5 10. Bf4 Bg7 11. Nbd2 O-O 12. Ne5 Rc8 13. Ndf3 Nd6 14. Qe2 Ne4
15. Nxc6 bxc6 16. Ng5 Nxg5 17. Bxg5 f6 18. Qe6+ Kh8 19. Bf4 Re8 20. b4 Qb6
1/2-1/2

[Event "Wch Juvenil 2013 sub-14"]
[Site "Al-Ain UAE"]
[Date "2013.12.24"]
[Round "7.33"]
[White "Simo, Marian"]
[Black "Patrascu, Catalin-Lucian"]
[Result "1/2-1/2"]
[WhiteElo "1873"]
[BlackElo "2033"]
[PlyCount "30"]
[EventDate "2013.12.19"]
[EventType "swiss"]
[EventRounds "11"]
[EventCountry "UAE"]
[Source "lmi"]
[SourceDate "2013.12.19"]

1. e4 c5 2. Nf3 Nc6 3. Bb5 d6 4. O-O Bd7 5. Re1 a6 6. Bxc6 Bxc6 7. c3 Nf6 8. e5
Ng4 9. e6 fxe6 10. Ng5 Nf6 11. Nxe6 Qd7 12. d4 Bd5 13. Nf4 O-O-O 14. b4 e6 15.
Nd2 Re8 1/2-1/2

[Event "Wch Juvenil 2013 sub-14"]
[Site "Al-Ain UAE"]
[Date "2013.12.24"]
[Round "7.34"]
[White "Sevgi, Volkan"]
[Black "Isaev, Chingys"]
[Result "1-0"]
[WhiteElo "2007"]
[BlackElo "1834"]
[PlyCount "52"]
[EventDate "2013.12.19"]
[EventType "swiss"]
[EventRounds "11"]
[EventCountry "UAE"]
[Source "lmi"]
[SourceDate "2013.12.19"]

1. e4 e5 2. Nf3 Nc6 3. Bc4 Bc5 4. d3 Nf6 5. c3 d6 6. Bb3 O-O 7. O-O Ne7 8. h3
Ng6 9. Bc2 c6 10. Re1 d5 11. Nbd2 Re8 12. Nf1 Qc7 13. exd5 Nxd5 14. d4 Bd6 15.
Ng3 b6 16. Ne4 exd4 17. c4 Nde7 18. Qxd4 Rd8 19. Nxd6 Rxd6 20. Qc3 c5 21. h4
Re6 22. Rxe6 Bxe6 23. h5 Nf4 24. Qe3 Nxh5 25. Qe4 Rd8 26. Qxh7+ Kf8 1-0

[Event "Wch Juvenil 2013 sub-14"]
[Site "Al-Ain UAE"]
[Date "2013.12.24"]
[Round "7.35"]
[White "Ait Abbas, Yacine"]
[Black "Papadopoulos, Argirios"]
[Result "0-1"]
[WhiteElo "1771"]
[BlackElo "2005"]
[PlyCount "116"]
[EventDate "2013.12.19"]
[EventType "swiss"]
[EventRounds "11"]
[EventCountry "UAE"]
[Source "lmi"]
[SourceDate "2013.12.19"]

1. c4 e6 2. g3 Nf6 3. Bg2 d5 4. cxd5 exd5 5. d4 c6 6. Nf3 Bd6 7. Nc3 h6 8. a3
Bf5 9. b4 a6 10. O-O O-O 11. Bb2 Nbd7 12. Qb3 b5 13. Nd2 Re8 14. Rfe1 Nb6 15.
e4 dxe4 16. Ndxe4 Nxe4 17. Nxe4 Nd5 18. Nc3 Ne7 19. d5 cxd5 20. Nxd5 Rc8 21.
Rac1 Ng6 22. Ne3 Be6 23. Qd1 Bb8 24. Bb7 Rxc1 25. Qxc1 Re7 26. Rd1 Qb6 27. Be4
Re8 28. Qc6 Qxc6 29. Bxc6 Rf8 30. Bb7 Bc8 31. Bg2 Ne5 32. h4 Re8 33. Kf1 Kh7
34. Be4+ g6 35. Nd5 Nd7 36. Nf6+ Nxf6 37. Bxf6 Bh3+ 38. Bg2 Bxg2+ 39. Kxg2 Re6
40. Rd8 Rxf6 41. Rxb8 Kg7 42. Rc8 Rd6 43. Rc3 f5 44. f4 Kf6 45. Kf3 Ke6 46. Ke3
Kd7 47. Rd3 Rxd3+ 48. Kxd3 Kc6 49. Kd4 Kd6 50. Ke3 Kd5 51. Kd3 h5 52. Kd2 Kd4
53. Ke2 Kc3 54. Ke3 Kc4 55. Ke2 Kb3 56. Kd3 Kxa3 57. Kc3 Ka4 58. Kd4 Kxb4 0-1

[Event "Wch Juvenil 2013 sub-14"]
[Site "Al-Ain UAE"]
[Date "2013.12.24"]
[Round "7.36"]
[White "Pigeat, Alexandre"]
[Black "Baterdene, Tsogbayar"]
[Result "0-1"]
[WhiteElo "2002"]
[BlackElo "1816"]
[PlyCount "104"]
[EventDate "2013.12.19"]
[EventType "swiss"]
[EventRounds "11"]
[EventCountry "UAE"]
[Source "lmi"]
[SourceDate "2013.12.19"]

1. e4 c5 2. Nf3 d6 3. d4 cxd4 4. Nxd4 Nf6 5. f3 a6 6. c4 Nc6 7. Nc3 e5 8. Nc2
Be7 9. Be3 O-O 10. Qd2 Be6 11. Be2 Rc8 12. O-O Nd7 13. Rfd1 Nb6 14. b3 f5 15.
Nd5 Bxd5 16. cxd5 Nb8 17. exf5 Rxf5 18. Bd3 Rf8 19. Bf2 Kh8 20. Ne3 Bg5 21. Be4
N8d7 22. Qb4 Nc5 23. Nf5 g6 24. Ng3 Nbd7 25. Bb1 b5 26. Ne2 Nf6 27. h4 Bh6 28.
Ng3 Bg7 29. Bxc5 Rxc5 30. Be4 Qb6 31. Kh1 Bh6 32. Ne2 a5 33. Qe1 Nxe4 34. fxe4
Rc2 35. Ng3 Rff2 36. Qg1 Qd8 37. Qh2 Bf4 38. Rd3 Rxg2 39. Qxg2 Qxh4+ 40. Kg1
Rxg2+ 41. Kxg2 Bxg3 42. Rxg3 Qxe4+ 43. Kh2 Qxd5 44. Rf1 Kg7 45. Rf2 e4 46. Rc2
Qf7 47. Kg2 d5 48. Rc5 d4 49. Rc1 e3 50. Rf3 Qe7 51. Re1 Qe4 52. Kg3 e2 0-1

[Event "Wch Juvenil 2013 sub-14"]
[Site "Al-Ain UAE"]
[Date "2013.12.24"]
[Round "7.37"]
[White "Hoang, Harry"]
[Black "Kuruppu, Supun Dasantha"]
[Result "1-0"]
[WhiteElo "1990"]
[BlackElo "1692"]
[PlyCount "81"]
[EventDate "2013.12.19"]
[EventType "swiss"]
[EventRounds "11"]
[EventCountry "UAE"]
[Source "lmi"]
[SourceDate "2013.12.19"]

1. e4 c5 2. Nf3 d6 3. d4 cxd4 4. Nxd4 Nf6 5. Nc3 a6 6. Be2 e6 7. O-O Be7 8. a4
b6 9. Bf3 e5 10. Nf5 Bxf5 11. exf5 Ra7 12. Be3 Rd7 13. Bd5 O-O 14. h4 Nxd5 15.
Nxd5 Bxh4 16. g3 Bg5 17. Bxb6 Qc8 18. Qg4 f6 19. c4 Qc6 20. a5 Rc8 21. f4 Bh6
22. Nxf6+ Kh8 23. Nxd7 Nxd7 24. Be3 Rb8 25. Qe2 Qe4 26. Rae1 Rb3 27. Qg2 Qxc4
28. Rc1 Qg8 29. Ba7 e4 30. Rc7 Nf6 31. Rfc1 Qd5 32. Rc8+ Ng8 33. Rf8 g6 34. Rd8
gxf5 35. Qf2 Bg7 36. Rcc8 Rf3 37. Rxg8+ Qxg8 38. Rxg8+ Kxg8 39. Qc2 Rxg3+ 40.
Kh2 Rf3 41. Qc8+ 1-0

[Event "Wch Juvenil 2013 sub-14"]
[Site "Al-Ain UAE"]
[Date "2013.12.24"]
[Round "7.40"]
[White "Graif, William"]
[Black "Plenca, Jadranko"]
[Result "1-0"]
[WhiteElo "1851"]
[BlackElo "2168"]
[PlyCount "77"]
[EventDate "2013.12.19"]
[EventType "swiss"]
[EventRounds "11"]
[EventCountry "UAE"]
[Source "lmi"]
[SourceDate "2013.12.19"]

1. e4 e5 2. Nf3 Nc6 3. Bb5 a6 4. Ba4 Nf6 5. O-O Be7 6. Re1 b5 7. Bb3 d6 8. c3
O-O 9. d4 h6 10. Nbd2 Re8 11. Nf1 Bf8 12. Ng3 Bd7 13. h3 Na5 14. Bc2 Nc4 15. b3
Nb6 16. Nh2 c5 17. f4 Qc7 18. Nf3 cxd4 19. cxd4 Rac8 20. Bd3 exd4 21. Bb2 Bc6
22. Nxd4 Bb7 23. Ndf5 Nbd7 24. Rc1 Qb6+ 25. Bd4 Rxc1 26. Qxc1 Qc6 27. Qb2 Nc5
28. Bb1 d5 29. e5 Nfe4 30. Re3 Qd7 31. Bxe4 dxe4 32. Nxg7 Rd8 33. N7f5 Ne6 34.
Nh5 Kh8 35. Nf6 Qxd4 36. Nxd4 Nxd4 37. Nxe4 Nf5 38. Re1 Rd4 39. Nd6 1-0

[Event "Wch Juvenil 2013 sub-14"]
[Site "Al-Ain UAE"]
[Date "2013.12.24"]
[Round "7.41"]
[White "Nikitenko, Mihail"]
[Black "Tello Chavez, Isaac Valent"]
[Result "1-0"]
[WhiteElo "2125"]
[BlackElo "1823"]
[PlyCount "117"]
[EventDate "2013.12.19"]
[EventType "swiss"]
[EventRounds "11"]
[EventCountry "UAE"]
[Source "lmi"]
[SourceDate "2013.12.19"]

1. e4 d5 2. exd5 Qxd5 3. Nc3 Qa5 4. Nf3 Nf6 5. d4 Bg4 6. h3 Bh5 7. g4 Bg6 8.
Ne5 c6 9. h4 Nbd7 10. Nc4 Qc7 11. Qf3 h5 12. Bf4 Qd8 13. g5 Nd5 14. Nxd5 cxd5
15. Qxd5 e6 16. Qxb7 Be7 17. Bg2 O-O 18. Qxa8 Qxa8 19. Bxa8 Rxa8 20. c3 Be4 21.
Rh3 Bd5 22. Ne3 Bb7 23. O-O-O Nb6 24. Bc7 Nd5 25. Nxd5 Bxd5 26. b3 Rc8 27. Bf4
Ba3+ 28. Kd2 a5 29. c4 Be4 30. Ke2 Kf8 31. Bc1 Be7 32. c5 Bd8 33. a3 Bc6 34.
Bf4 Ra8 35. Bd6+ Ke8 36. Ke3 Ra7 37. d5 exd5 38. Kd4 Kd7 39. Re1 Rb7 40. Re5
Kc8 41. Rhe3 f6 42. Re8 fxg5 43. hxg5 Rf7 44. f4 Bxe8 45. Rxe8 Kd7 46. Rh8 Bc7
47. Bxc7 Kxc7 48. Ke5 g6 49. b4 axb4 50. axb4 d4 51. Kxd4 Rxf4+ 52. Kc3 Rg4 53.
b5 Rxg5 54. Rh7+ Kc8 55. Kb4 Rf5 56. b6 Rf1 57. Kb5 Rf5 58. b7+ Kb8 59. Kb6 1-0

[Event "Wch Juvenil 2013 sub-14"]
[Site "Al-Ain UAE"]
[Date "2013.12.24"]
[Round "7.42"]
[White "Chow, Colin"]
[Black "Wang, Yiou"]
[Result "1/2-1/2"]
[WhiteElo "2114"]
[BlackElo "1889"]
[PlyCount "46"]
[EventDate "2013.12.19"]
[EventType "swiss"]
[EventRounds "11"]
[EventCountry "UAE"]
[Source "lmi"]
[SourceDate "2013.12.19"]

1. e4 c5 2. Nf3 d6 3. Bb5+ Nd7 4. c3 Ngf6 5. Qe2 e5 6. O-O Be7 7. d4 Qc7 8. Rd1
a6 9. Ba4 O-O 10. dxe5 Nxe5 11. Nxe5 dxe5 12. c4 Be6 13. Nc3 Rfd8 14. Rxd8+
Rxd8 15. Bc2 Nd7 16. b3 Nb8 17. Nd5 Qd7 18. f4 exf4 19. Bxf4 Nc6 20. Rd1 Nd4
21. Qf2 Bxd5 22. cxd5 Qg4 23. Rf1 Ne2+ 1/2-1/2

[Event "Wch Juvenil 2013 sub-14"]
[Site "Al-Ain UAE"]
[Date "2013.12.24"]
[Round "7.43"]
[White "Panchanatham, Vignesh"]
[Black "Isakzhanov, Aibek"]
[Result "1-0"]
[WhiteElo "2111"]
[BlackElo "1807"]
[PlyCount "107"]
[EventDate "2013.12.19"]
[EventType "swiss"]
[EventRounds "11"]
[EventCountry "UAE"]
[Source "lmi"]
[SourceDate "2013.12.19"]

1. d4 d5 2. c4 e6 3. Nc3 Nf6 4. cxd5 exd5 5. Bg5 Be7 6. Qc2 c6 7. e3 Nbd7 8.
Bd3 O-O 9. Nge2 h6 10. Bh4 Re8 11. O-O Ne4 12. Bxe7 Qxe7 13. Rae1 Ndf6 14. f3
Nxc3 15. Nxc3 Qd6 16. Qf2 Be6 17. a3 Rad8 18. Rd1 a5 19. Na4 Nd7 20. Rc1 b6 21.
Bb1 Rc8 22. e4 dxe4 23. fxe4 b5 24. e5 Qe7 25. Nc3 Bd5 26. Qf5 g6 27. Qg4 h5
28. Qg3 h4 29. Qf4 Nf8 30. Qh6 b4 31. Ne2 bxa3 32. Rf4 Nh7 33. Rxh4 Qg5 34.
Qxh7+ Kf8 35. Nf4 Bxg2 36. Qh8+ Ke7 37. Qf6+ Qxf6 38. exf6+ Kxf6 39. Nxg2 axb2
40. Rc2 Rb8 41. Rf4+ Kg7 42. Rff2 Re4 43. Rxb2 Rxb2 44. Bxe4 Rb4 45. Bxc6 Rxd4
46. Ra2 Rd1+ 47. Kf2 Rh1 48. h4 f5 49. Rxa5 Rb1 50. Bf3 Rb2+ 51. Kg3 Rb3 52.
Ra7+ Kh6 53. Ra6 Rb4 54. h5 1-0

[Event "Wch Juvenil 2013 sub-14"]
[Site "Al-Ain UAE"]
[Date "2013.12.24"]
[Round "7.44"]
[White "Djurhuus, Eivind X"]
[Black "Gvenetadze, Davit"]
[Result "1-0"]
[WhiteElo "1978"]
[BlackElo "1801"]
[PlyCount "55"]
[EventDate "2013.12.19"]
[EventType "swiss"]
[EventRounds "11"]
[EventCountry "UAE"]
[Source "lmi"]
[SourceDate "2013.12.19"]

1. c4 c5 2. Nc3 Nc6 3. g3 g6 4. Bg2 Bg7 5. Nf3 Nf6 6. d4 cxd4 7. Nxd4 O-O 8.
O-O Nxd4 9. Qxd4 d6 10. Qd3 Qa5 11. Bd2 Bf5 12. e4 Be6 13. Nd5 Qd8 14. Bg5 Nxd5
15. exd5 Bf5 16. Qd2 Re8 17. Rac1 Rc8 18. b4 b6 19. Rfe1 Qd7 20. h4 Rc7 21. Kh2
Qa4 22. Be4 Bxe4 23. Rxe4 f6 24. Bf4 Rec8 25. Qe2 Bf8 26. c5 bxc5 27. bxc5 Qb5
28. Qxb5 1-0

[Event "Wch Juvenil 2013 sub-14"]
[Site "Al-Ain UAE"]
[Date "2013.12.24"]
[Round "7.45"]
[White "Naotunna, Dineth Nimnaka"]
[Black "Fernandez, Michael"]
[Result "0-1"]
[WhiteElo "1759"]
[BlackElo "1975"]
[PlyCount "124"]
[EventDate "2013.12.19"]
[EventType "swiss"]
[EventRounds "11"]
[EventCountry "UAE"]
[Source "lmi"]
[SourceDate "2013.12.19"]

1. d4 d5 2. Bf4 Nf6 3. Nf3 c5 4. e3 Bg4 5. Nbd2 cxd4 6. exd4 Nc6 7. h3 Bh5 8.
Be2 e6 9. c3 Be7 10. Ne5 Bxe2 11. Qxe2 a6 12. a4 O-O 13. O-O Ne8 14. Rfe1 Nd6
15. Bh2 Rc8 16. Reb1 Na5 17. f4 Nac4 18. Ndxc4 dxc4 19. a5 Bf6 20. Ra4 Bxe5 21.
fxe5 Nf5 22. Rxc4 Qxa5 23. Rxc8 Rxc8 24. Rf1 Qd5 25. Qf2 Rf8 26. Qf3 Qxf3 27.
Rxf3 Rc8 28. d5 Ne7 29. d6 Nd5 30. Kf2 Kf8 31. Ke2 f6 32. Kd3 b5 33. Bg1 Ke8
34. Bd4 Kd7 35. b3 Rb8 36. Rf2 a5 37. c4 bxc4+ 38. bxc4 Nb4+ 39. Kc3 Nc6 40. c5
fxe5 41. Be3 Ke8 42. d7+ Kxd7 43. Rf7+ Kc8 44. Rxg7 a4 45. Rg8+ Kc7 46. Rg7+
Kc8 47. Rg8+ Kb7 48. Rxb8+ Nxb8 49. Kb4 Kc6 50. Kxa4 Na6 51. Kb3 Nxc5+ 52. Bxc5
Kxc5 53. Kc3 e4 54. g3 Kd5 55. Kd2 Kd4 56. Ke2 e3 57. g4 Ke4 58. h4 Kf4 59. g5
Kg4 60. Kxe3 Kxh4 61. Kf4 Kh5 62. Ke5 Kxg5 0-1

[Event "Wch Juvenil 2013 sub-14"]
[Site "Al-Ain UAE"]
[Date "2013.12.24"]
[Round "7.46"]
[White "Abbas, Daniel"]
[Black "Bennett, Rhys"]
[Result "1-0"]
[BlackElo "1784"]
[PlyCount "101"]
[EventDate "2013.12.19"]
[EventType "swiss"]
[EventRounds "11"]
[EventCountry "UAE"]
[Source "lmi"]
[SourceDate "2013.12.19"]
[WhiteElo "1974"]

1. e4 e5 2. Nf3 Nc6 3. Bb5 a6 4. Ba4 Nf6 5. O-O Be7 6. Re1 b5 7. Bb3 d6 8. c3
O-O 9. h3 Na5 10. Bc2 c5 11. d4 Qc7 12. d5 Bd7 13. b3 c4 14. b4 Nb7 15. a4 a5
16. axb5 axb4 17. Rxa8 Rxa8 18. cxb4 Bxb5 19. Nc3 Be8 20. Be3 Ra3 21. Qd2 Qb8
22. Rb1 Qa8 23. Qe1 Qa6 24. Bc1 Ra1 25. Qe2 Rxb1 26. Bxb1 Nd7 27. Be3 Bd8 28.
Ba2 Bb6 29. Qxc4 Qxc4 30. Bxc4 Bxe3 31. fxe3 Nb6 32. Ba6 Nd8 33. Nd2 Kf8 34.
Nc4 Nxc4 35. Bxc4 Ke7 36. Kf2 f6 37. Ke2 Nf7 38. Kd3 Kd8 39. Bb3 Kc7 40. Kc4
Kb6 41. Ba4 Bxa4 42. Nxa4+ Kb7 43. Kb5 Ng5 44. Nc3 h5 45. Ka5 h4 46. b5 Ka7 47.
b6+ Kb7 48. Kb5 Nf7 49. Nb1 g6 50. Nd2 f5 51. Nc4 1-0

[Event "Wch Juvenil 2013 sub-14"]
[Site "Al-Ain UAE"]
[Date "2013.12.24"]
[Round "7.47"]
[White "Bunyatov, Rustam Faiq"]
[Black "Dolinar, Matic"]
[Result "1-0"]
[WhiteElo "1965"]
[BlackElo "1770"]
[PlyCount "131"]
[EventDate "2013.12.19"]
[EventType "swiss"]
[EventRounds "11"]
[EventCountry "UAE"]
[Source "lmi"]
[SourceDate "2013.12.19"]

1. g3 Nf6 2. Bg2 d5 3. d3 e5 4. Nd2 Bf5 5. c3 c6 6. e4 Bg6 7. Ne2 dxe4 8. Nxe4
Nxe4 9. dxe4 Qxd1+ 10. Kxd1 Nd7 11. Be3 Bc5 12. Bxc5 Nxc5 13. f3 O-O-O+ 14. Kc2
f5 15. Bh3 Rhf8 16. Rhd1 Rxd1 17. Rxd1 Kc7 18. exf5 Bxf5+ 19. Bxf5 Rxf5 20. Ng1
e4 21. f4 Nd3 22. Ne2 Nf2 23. Re1 Nd3 24. Rf1 Rd5 25. Nc1 c5 26. c4 Nb4+ 27.
Kc3 Rd6 28. Re1 Re6 29. a3 Nc6 30. b4 b6 31. bxc5 bxc5 32. Nb3 Kb6 33. Rb1 Re7
34. Nd2+ Kc7 35. Re1 e3 36. Nf3 Kb6 37. Rb1+ Kc7 38. Kd3 a6 39. Re1 Kb6 40.
Rxe3 Rd7+ 41. Kc2 Ka5 42. Re6 Nd8 43. Re5 Kb6 44. f5 Nc6 45. Re6 Re7 46. Rxe7
Nxe7 47. g4 Kc6 48. Ng5 h5 49. h3 hxg4 50. hxg4 Kd6 51. Ne4+ Ke5 52. Nxc5 Kf4
53. Ne6+ Kxg4 54. Nxg7 Kg5 55. Kb3 Kf6 56. Ne8+ Kxf5 57. Nc7 a5 58. Ka4 Nc6 59.
Kb5 Ne5 60. c5 Kf6 61. Kxa5 Ke7 62. Kb5 Kd7 63. Nd5 Nc6 64. Nb4 Nb8 65. Kb6 Kc8
66. c6 1-0

[Event "Wch Juvenil 2013 sub-14"]
[Site "Al-Ain UAE"]
[Date "2013.12.24"]
[Round "7.48"]
[White "Zhao, Juncheng"]
[Black "Yasser, Mark"]
[Result "1-0"]
[WhiteElo "1963"]
[BlackElo "1750"]
[PlyCount "81"]
[EventDate "2013.12.19"]
[EventType "swiss"]
[EventRounds "11"]
[EventCountry "UAE"]
[Source "lmi"]
[SourceDate "2013.12.19"]

1. e4 c6 2. c4 d5 3. cxd5 cxd5 4. exd5 Nf6 5. d4 Nxd5 6. Nf3 e6 7. Bd3 Be7 8.
O-O O-O 9. Nc3 Nc6 10. a3 a6 11. Be3 Bf6 12. Ne4 h6 13. Rc1 Bd7 14. Bb1 Re8 15.
Nd6 Nxe3 16. fxe3 Re7 17. Nxb7 Qb6 18. Nc5 Be8 19. Ne4 Qxb2 20. Qd3 Rb7 21.
Nxf6+ gxf6 22. Qh7+ Kf8 23. Be4 Rc7 24. Qxh6+ Ke7 25. d5 exd5 26. Bxd5 Rac8 27.
Nd4 Nxd4 28. Rxc7+ Rxc7 29. Qxf6+ Kd7 30. exd4 Kc8 31. Qxa6+ Kd8 32. Qf6+ Kc8
33. Be4 Qd2 34. Bf5+ Bd7 35. Qh8+ Kb7 36. Rb1+ Ka6 37. Qa8+ Ra7 38. Qd5 Rc7 39.
Qa8+ Ra7 40. Qe4 Bxf5 41. Qc6+ 1-0

[Event "Wch Juvenil 2013 sub-14"]
[Site "Al-Ain UAE"]
[Date "2013.12.24"]
[Round "7.49"]
[White "Oliveira, Tiago Lopes"]
[Black "Kolver, Chris"]
[Result "0-1"]
[WhiteElo "1930"]
[BlackElo "1737"]
[PlyCount "66"]
[EventDate "2013.12.19"]
[EventType "swiss"]
[EventRounds "11"]
[EventCountry "UAE"]
[Source "lmi"]
[SourceDate "2013.12.19"]

1. e4 c5 2. Nf3 Nc6 3. d4 cxd4 4. Nxd4 Nf6 5. Nc3 e5 6. Ndb5 d6 7. Bg5 a6 8.
Na3 b5 9. Nd5 Be7 10. Bxf6 Bxf6 11. c4 b4 12. Nc2 O-O 13. Ndxb4 Nxb4 14. Nxb4
Qb6 15. Qb3 Rb8 16. Nd5 Qxb3 17. axb3 Rxb3 18. O-O-O Bg5+ 19. Kc2 Rb8 20. h4
Bd8 21. Ne3 Be7 22. Nf5 Bxf5 23. exf5 Rb6 24. Rh3 Rfb8 25. b3 Bd8 26. g4 a5 27.
Ra1 Rb4 28. Rd3 Bxh4 29. Rxa5 Bxf2 30. Rxd6 Rxb3 31. c5 e4 32. c6 Rb2+ 33. Kc3
Be1+ 0-1

[Event "Wch Juvenil 2013 sub-14"]
[Site "Al-Ain UAE"]
[Date "2013.12.24"]
[Round "7.50"]
[White "Kutsanyan, Andranik"]
[Black "Lynch, Justin"]
[Result "1/2-1/2"]
[WhiteElo "1907"]
[BlackElo "1725"]
[PlyCount "76"]
[EventDate "2013.12.19"]
[EventType "swiss"]
[EventRounds "11"]
[EventCountry "UAE"]
[Source "lmi"]
[SourceDate "2013.12.19"]

1. e4 c5 2. Nf3 e6 3. d4 cxd4 4. Nxd4 a6 5. Nc3 Qc7 6. a3 Nf6 7. f4 d6 8. Be3
Be7 9. Bd3 Nbd7 10. O-O b5 11. Qf3 O-O 12. g4 Nb6 13. f5 e5 14. Nde2 d5 15.
Nxd5 Nbxd5 16. exd5 Bb7 17. Nc3 Bc5 18. Bxc5 Qxc5+ 19. Kh1 Qxc3 20. bxc3 Bxd5
21. Qxd5 Nxd5 22. Rfe1 Rfe8 23. c4 Nf4 24. Be4 Rac8 25. Bb7 Rxc4 26. Bxa6 Nh3
27. Re2 Rb8 28. a4 Rxa4 29. Rxa4 bxa4 30. Rxe5 Nf2+ 31. Kg2 Nxg4 32. Re4 Ra8
33. Bb7 Rb8 34. Rxg4 Rxb7 35. Rxa4 f6 36. Kf3 Rc7 37. c4 Kf7 38. Ke4 g6 1/2-1/2

[Event "Wch Juvenil 2013 sub-14"]
[Site "Al-Ain UAE"]
[Date "2013.12.24"]
[Round "7.51"]
[White "Cerniauskas, Markas"]
[Black "Lau, Jason"]
[Result "1/2-1/2"]
[WhiteElo "1756"]
[BlackElo "1888"]
[PlyCount "145"]
[EventDate "2013.12.19"]
[EventType "swiss"]
[EventRounds "11"]
[EventCountry "UAE"]
[Source "lmi"]
[SourceDate "2013.12.19"]

1. d4 Nf6 2. c4 g6 3. Nc3 Bg7 4. e4 d6 5. Nf3 O-O 6. Be2 e5 7. Be3 Ng4 8. Bg5
f6 9. Bh4 Nc6 10. d5 Ne7 11. Nd2 Nh6 12. b4 g5 13. Bg3 f5 14. f3 Ng6 15. O-O
Nf4 16. c5 g4 17. fxg4 Nxg4 18. Bxg4 fxg4 19. Nc4 Rf7 20. Rc1 h5 21. Ne2 Bh6
22. Rc2 h4 23. Bxf4 exf4 24. Nd4 Qf6 25. Ne3 g3 26. h3 Qg5 27. Nef5 Bxf5 28.
Nxf5 Rd8 29. Qg4 Kh7 30. Qxg5 Bxg5 31. cxd6 cxd6 32. Nd4 Re8 33. Ne6 Bh6 34.
Rf3 Kg6 35. Kf1 Kh7 36. Rfc3 Bg7 37. Rc7 Rfe7 38. Ke2 Be5 39. Kf3 Kh6 40. Rxe7
Rxe7 41. Rc7 Rxc7 42. Nxc7 Bc3 43. b5 Bd2 44. Ne6 Kg6 45. Nxf4+ Kg5 46. Nd3 Bc3
47. Ke3 a6 48. bxa6 bxa6 49. Ke2 a5 50. a4 Bd4 51. Kd2 Kf6 52. Kc2 Be3 53. Kb3
Bd2 54. Kc4 Be3 55. Kb5 Bd2 56. Kc6 Bb4 57. Kb5 Bd2 58. Nb2 Kg5 59. Nc4 Bb4 60.
Nxa5 Bxa5 61. Kxa5 Kf4 62. Kb5 Ke3 63. a5 Kf2 64. a6 Kxg2 65. a7 Kxh3 66. a8=Q
g2 67. Qg8 g1=Q 68. Qe6+ Qg4 69. e5 dxe5 70. Qxg4+ Kxg4 71. d6 h3 72. d7 h2 73.
d8=Q 1/2-1/2

[Event "Wch Juvenil 2013 sub-14"]
[Site "Al-Ain UAE"]
[Date "2013.12.24"]
[Round "7.52"]
[White "Abbasov, Zaur Shahin"]
[Black "Nero, Georg"]
[Result "1-0"]
[BlackElo "1706"]
[PlyCount "81"]
[EventDate "2013.12.19"]
[EventType "swiss"]
[EventRounds "11"]
[EventCountry "UAE"]
[Source "lmi"]
[SourceDate "2013.12.19"]
[WhiteElo "1882"]

1. d4 d5 2. c4 e5 3. dxe5 d4 4. Nf3 Nc6 5. g3 Nge7 6. Bg2 Ng6 7. Bg5 Be7 8.
Bxe7 Qxe7 9. O-O Qc5 10. Nbd2 Ngxe5 11. Nxe5 Qxe5 12. Bxc6+ bxc6 13. Nf3 Qd6
14. Qxd4 Qxd4 15. Nxd4 c5 16. Nb5 Kd7 17. Nc3 Kc6 18. Rfd1 Be6 19. b3 Rhe8 20.
f3 a5 21. Rac1 Red8 22. Kf2 Rxd1 23. Rxd1 Rb8 24. e4 Rb4 25. Ke3 Rb8 26. Rd3
Re8 27. g4 Rh8 28. Kf4 h5 29. g5 Rg8 30. h4 f6 31. Nd5 Rf8 32. gxf6 gxf6 33.
Rd2 f5 34. Ne7+ Kb6 35. Nxf5 a4 36. Rg2 axb3 37. axb3 Ka5 38. Rg7 Rc8 39. Ke5
Bxf5 40. exf5 Kb4 41. f6 1-0

[Event "Wch Juvenil 2013 sub-14"]
[Site "Al-Ain UAE"]
[Date "2013.12.24"]
[Round "7.53"]
[White "Catur, Adi Sagita"]
[Black "Bennett, Owen"]
[Result "1-0"]
[WhiteElo "1879"]
[BlackElo "1695"]
[PlyCount "67"]
[EventDate "2013.12.19"]
[EventType "swiss"]
[EventRounds "11"]
[EventCountry "UAE"]
[Source "lmi"]
[SourceDate "2013.12.19"]

1. Nf3 d5 2. g3 Nf6 3. Bg2 c6 4. O-O Bf5 5. b3 h6 6. Bb2 Nbd7 7. c4 e6 8. d3
Be7 9. Nbd2 O-O 10. Re1 Bh7 11. a3 b5 12. cxd5 cxd5 13. b4 Rc8 14. Rc1 Qb6 15.
h3 Qb7 16. Nb3 Bd8 17. Rxc8 Qxc8 18. Ne5 Bb6 19. Qa1 Nxe5 20. Bxe5 Ne8 21. Rc1
Qd7 22. Bd4 f6 23. Qc3 Nd6 24. Bxb6 axb6 25. Qc6 Qd8 26. Nd4 Re8 27. Nxe6 Rxe6
28. Bxd5 Qe7 29. Qxb6 Kh8 30. Bxe6 Qxe6 31. Rc6 Qxe2 32. Rxd6 Bxd3 33. Qd8+ Kh7
34. Rxd3 1-0